[Event "GRE-ch U20"]
[Site "Chania"]
[Date "2017.01.08"]
[Round "9"]
[White "Pantelakis, Lefteris"]
[Black "Tzagarakis, Panagiotis"]
[Result "0-1"]
[WhiteElo "1287"]
[BlackElo "1682"]
[PlyCount "74"]
[EventDate "2017.01.02"]
[EventType "swiss"]
[EventRounds "9"]
[EventCountry "GRE"]
[SourceTitle "EXT 2024"]
[Source "ChessBase"]
[SourceDate "2023.10.10"]
[SourceVersion "1"]
[SourceVersionDate "2023.10.10"]
[SourceQuality "1"]

1. e4 c5 2. Nc3 e6 3. f4 Nc6 4. Nf3 b6 5. Bb5 Bb7 6. Bxc6 Bxc6 7. d3 Nf6 8. 0-0 Be7 9. Qe1 d5 10. e5 Nd7 11. Qg3 g6 12. Ng5 Nf8 13. Bd2 Qd7 14. Rad1 h6 15. Qh3 f6 16. Nf3 f5 17. Be1 0-0-0 18. d4 Rh7 19. Qg3 g5 20. fxg5 hxg5 21. Ne2 g4 22. Nd2 Ng6 23. Rf2 Bh4 24. Qc3 Bxf2+ 25. Bxf2 c4 26. b3 b5 27. Qa5 Rdh8 28. Nf1 f4 29. g3 f3 30. Nf4 Nxf4 31. gxf4 Kb7 32. a4 a6 33. Rb1 Rxh2 34. Nxh2 Qh7 35. Bg3 Qh3 36. Qd2 Qxg3+ 37. Kh1 f2 0-1

[Event "GRE-ch U20"]
[Site "Chania"]
[Date "2017.01.08"]
[Round "8"]
[White "Violakis, Anastasios"]
[Black "Pantelakis, Lefteris"]
[Result "0-1"]
[WhiteElo "1109"]
[BlackElo "1287"]
[PlyCount "102"]
[EventDate "2017.01.02"]
[EventType "swiss"]
[EventRounds "9"]
[EventCountry "GRE"]
[SourceTitle "EXT 2024"]
[Source "ChessBase"]
[SourceDate "2023.10.10"]
[SourceVersion "1"]
[SourceVersionDate "2023.10.10"]
[SourceQuality "1"]

1. e4 e5 2. Nf3 Nc6 3. Bc4 Bc5 4. Nc3 Nf6 5. d3 0-0 6. 0-0 h6 7. h3 d6 8. Be3 Bb6 9. Qd2 Nd4 10. Bxd4 Bxd4 11. Nxd4 exd4 12. Ne2 c5 13. Rfe1 Rb8 14. a4 Bd7 15. Bb3 Qc7 16. Nf4 Rfc8 17. Qe2 b5 18. e5 dxe5 19. Qxe5 Qxe5 20. Rxe5 c4 21. Nd5 Nxd5 22. Rxd5 cxb3 23. Rxd7 bxc2 24. Rc1 bxa4 25. Rxa7 Rxb2 26. Kh2 Rb1 27. Rxc2 Rxc2 28. Rxa4 Rxf2 29. Kg3 Rd2 30. Rxd4 Rb3 31. Kg4 Rbxd3 32. Rxd3 Rxd3 33. Kf4 g6 34. h4 Rd5 35. Ke4 Ra5 36. g3 Kg7 37. g4 Kf6 38. Kf4 g5+ 39. hxg5+ hxg5+ 40. Ke4 Ra4+ 41. Kf3 Ke5 42. Ke3 Rxg4 43. Kf3 f5 44. Ke3 Rf4 45. Kd3 g4 46. Ke3 g3 47. Kd3 g2 48. Ke3 g1Q+ 49. Kd3 Qg3+ 50. Kd2 Rf2+ 51. Kd1 Qg1# 0-1

[Event "GRE-ch U20"]
[Site "Chania"]
[Date "2017.01.04"]
[Round "2"]
[White "Pantelakis, Lefteris"]
[Black "Mavridis, Athanasios Theo"]
[Result "0-1"]
[WhiteElo "1287"]
[BlackElo "1003"]
[PlyCount "58"]
[EventDate "2017.01.02"]
[EventType "swiss"]
[EventRounds "9"]
[EventCountry "GRE"]
[SourceTitle "EXT 2024"]
[Source "ChessBase"]
[SourceDate "2023.10.10"]
[SourceVersion "1"]
[SourceVersionDate "2023.10.10"]
[SourceQuality "1"]

1. e4 c5 2. Nc3 d6 3. f4 Nc6 4. Nf3 Bd7 5. Bb5 e6 6. d3 Nge7 7. 0-0 Qc7 8. Qe1 0-0-0 9. Bxc6 Nxc6 10. Ng5 Nd4 11. Qf2 Bc6 12. Be3 h6 13. Nf3 Nxf3+ 14. Qxf3 d5 15. Bf2 d4 16. Ne2 Bd6 17. Bg3 f5 18. Rae1 g5 19. fxg5 hxg5 20. Bxd6 Qxd6 21. Ng3 Rh4 22. e5 Qe7 23. Qe2 Rdh8 24. h3 g4 25. hxg4 Qh7 26. Kf2 Rh2 27. Rg1 Qh3 28. Qf1 Qxg4 29. Ne2 Qf3# 0-1